| 000 | 00811nam a2200253 4500 | ||
|---|---|---|---|
| 005 | 20240320210355.0 | ||
| 008 | 240320b |||||||| |||| 00| 0 eng d | ||
| 020 | _a8475301797 | ||
| 037 | _3Donación | ||
| 040 |
_aCO-JMCR _cCO-JMCR _dCO-JMCR _erda |
||
| 041 | _aspa | ||
| 082 |
_aA-N _bJOHe |
||
| 100 |
_eautor _aJohnson, Eyvind _943577 |
||
| 245 |
_aEra el año 1914 : _bAquí tienes tu vida / _cEyvind Johnson |
||
| 246 |
_aNu var det 1914 _bHar har du ditt liv! |
||
| 260 |
_aBogotá _bEdiciones Orbis, S.A. _c1935 |
||
| 300 |
_a301 páginas _c20 cm |
||
| 586 | _aPremio Nobel de Literatura 1974 | ||
| 650 |
_2JMCR _aNovela sueca _97542 |
||
| 650 |
_2JMCR _aLiteratura sueca _943578 |
||
| 650 |
_2JMCR _aLibertad en la literatura _97761 |
||
| 700 |
_aSariols, Deerie _eTraductor _943579 |
||
| 942 |
_2ddc _cBK |
||
| 999 |
_c30714 _d17098 |
||